Central Library OPAC University of Rajshahi

The idea of a theater, a study of ten plays : (Record no. 77062)

MARC details
000 -LEADER
fixed length control field 00736nam a2200229 a 4500
001 - CONTROL NUMBER
control field 77062
003 - CONTROL NUMBER IDENTIFIER
rucl marc code BD-RjUL
005 - DATE AND TIME OF LATEST TRANSACTION
control field 20250807153138.0
008 - FIXED-LENGTH DATA ELEMENTS--GENERAL INFORMATION
fixed length control field 200220s1955 nyu 000 0 eng
035 ## - SYSTEM CONTROL NUMBER
System control number (BD-RjUL)77062
040 ## - CATALOGING SOURCE
Original cataloging agency DLC
Transcribing agency MiYEM
Modifying agency OCoLC
-- DLC
-- BD-RjUL
Language of cataloging eng
041 ## - LANGUAGE CODE
Language code of text/sound track or separate title eng
082 ## - DEWEY DECIMAL CLASSIFICATION NUMBER
Edition number 23
Classification number 809.2
Author mark and year FEI 1955
100 1# - MAIN ENTRY--PERSONAL NAME
Personal name Fergusson, Francis.
9 (RLIN) 239588
245 14 - TITLE STATEMENT
Title The idea of a theater, a study of ten plays :
Remainder of title the art of drama in changing perspective /
Statement of responsibility, etc. by Francis Fergusson
260 ## - PUBLICATION, DISTRIBUTION, ETC. (IMPRINT)
Place of publication, distribution, etc. Garden City, N.Y. :
Name of publisher, distributor, etc. Doubleday,
Date of publication, distribution, etc. 1949,1953 [1955]
300 ## - PHYSICAL DESCRIPTION
Pagination 255 p.;
Size 18 cm.
490 0# - SERIES STATEMENT
Series statement Doubleday anchor books,
Volume/sequential designation A4
650 #0 - SUBJECT ADDED ENTRY--TOPICAL TERM
Topical term or geographic name as entry element Drama
General subdivision History and criticism.
9 (RLIN) 239589
942 ## - ADDED ENTRY ELEMENTS (KOHA)
Source of classification or shelving scheme Dewey Decimal Classification
Koha item type Books
Holdings
Lost status Source of classification or shelving scheme Damaged status Not for loan Collection code Permanent Location Current Location Shelving location Date acquired Total Checkouts Full call number Date last seen Copy number Koha item type Source of acquisition
  Dewey Decimal Classification   Not For Loan Non-fiction Central Library, University of Rajshahi Central Library, University of Rajshahi Reading Room 20/02/2020   809.2 FEI 1955 20/02/2020 C-1 Books  
  Dewey Decimal Classification     Non-fiction Central Library, University of Rajshahi Central Library, University of Rajshahi General Stacks 07/08/2025   809.2 FEI 1949 07/08/2025 C-2 Books Author